000
00452nam a2200169Ia 4500
008
090711s9999 xx 000 0 und d
082
_b
48933
100
_a
खेडकर सुशीला
245
_a
फुलोरा
260
_c
1984
300
_a
195
600
_a
खेडकर सुशीला
630
_a
फुलोरा
700
_a
खेडकर सुशीला
730
_a
फुलोरा
942
_c
BOOK
999
_c
309495
_d
309495